[Event "Portugal Open Semirrapidas"]
[Site "Lisboa POR"]
[Date "2020.02.02"]
[Round "2.29"]
[White "FERNANDES, Álvaro"]
[Black "VASLI, Aref"]
[Result "0-1"]
[BlackElo "2202"]
[WhiteElo "1881"]
[LiveChessVersion "1.4.8"]

1. d4 {[%clk 0:15:05]} Nf6 {[%clk 0:13:03]} 2. Nf3 {[%clk 0:15:07]} e6
{[%clk 0:12:53]} 3. Bg5 {[%clk 0:15:06]} d5 {[%clk 0:12:56]} 4. e3
{[%clk 0:15:07]} Be7 {[%clk 0:12:59]} 5. Bd3 {[%clk 0:15:09]} h6 {[%clk 0:13:02]}
6. Bxf6 {[%clk 0:14:29]} Bxf6 {[%clk 0:13:02]} 7. Nbd2 {[%clk 0:13:34]} Nd7
{[%clk 0:13:05]} 8. O-O {[%clk 0:13:33]} c5 {[%clk 0:13:07]} 9. c3
{[%clk 0:13:31]} cxd4 {[%clk 0:13:11]} 10. exd4 {[%clk 0:13:33]} O-O
{[%clk 0:13:14]} 11. Re1 {[%clk 0:13:30]} Re8 {[%clk 0:13:17]} 12. Ne5
{[%clk 0:13:19]} Nxe5 {[%clk 0:13:10]} 13. dxe5 {[%clk 0:13:22]} Be7
{[%clk 0:13:05]} 14. Nf3 {[%clk 0:13:13]} Bd7 {[%clk 0:12:43]} 15. a4
{[%clk 0:12:33]} Rc8 {[%clk 0:11:56]} 16. Qe2 {[%clk 0:12:18]} a6
{[%clk 0:11:19]} 17. h3 {[%clk 0:08:11]} Bc5 {[%clk 0:11:18]} 18. h4
{[%clk 0:07:47]} f5 {[%clk 0:10:05]} 19. exf6 {[%clk 0:06:40]} Qxf6
{[%clk 0:10:07]} 20. Qe5 {[%clk 0:06:18]} Rf8 {[%clk 0:09:50]} 21. Re2
{[%clk 0:05:44]} Qxe5 {[%clk 0:09:19]} 22. Nxe5 {[%clk 0:05:45]} Be8
{[%clk 0:09:21]} 23. a5 {[%clk 0:03:47]} Rf6 {[%clk 0:08:17]} 24. g3
{[%clk 0:03:35]} h5 {[%clk 0:05:21]} 25. Kg2 {[%clk 0:03:37]} Kf8
{[%clk 0:05:19]} 26. f4 {[%clk 0:03:26]} Rc7 {[%clk 0:04:58]} 27. Rae1
{[%clk 0:03:16]} Re7 {[%clk 0:04:16]} 28. Rb1 {[%clk 0:02:55]} Bd6
{[%clk 0:04:10]} 29. Rbe1 {[%clk 0:02:15]} Bc7 {[%clk 0:04:05]} 30. Ra1
{[%clk 0:02:01]} Bd8 {[%clk 0:03:59]} 31. Nf3 {[%clk 0:01:46]} Bc7
{[%clk 0:02:35]} 32. Ne5 {[%clk 0:01:50]} Kg8 {[%clk 0:02:30]} 33. Nf3
{[%clk 0:01:49]} Bc6 {[%clk 0:02:33]} 34. Nd4 {[%clk 0:01:49]} Bd7
{[%clk 0:02:22]} 35. Nf3 {[%clk 0:01:53]} Kf8 {[%clk 0:01:54]} 36. Ne5
{[%clk 0:01:56]} Be8 {[%clk 0:01:36]} 37. Nf3 {[%clk 0:02:00]} Bd6
{[%clk 0:01:34]} 38. Rae1 {[%clk 0:02:02]} Bc7 {[%clk 0:01:38]} 39. Ra1
{[%clk 0:02:05]} Rh6 {[%clk 0:00:58]} 40. Ne5 {[%clk 0:01:59]} Bd8
{[%clk 0:00:45]} 41. Nf3 {[%clk 0:02:02]} Rc7 {[%clk 0:00:46]} 42. Ne5
{[%clk 0:01:51]} Rc5 {[%clk 0:00:49]} 43. Nf3 {[%clk 0:00:10]} Rxa5
{[%clk 0:00:52]} 44. Rxa5 {[%clk 0:00:14]} Bxa5 {[%clk 0:00:56]} 45. Nd4
{[%clk 0:00:19]} Bf7 {[%clk 0:00:41]} 46. f5 {[%clk 0:00:21]} exf5
{[%clk 0:00:37]} 47. Nxf5 {[%clk 0:00:25]} Rf6 {[%clk 0:00:41]} 48. Nd4
{[%clk 0:00:23]} Bb6 {[%clk 0:00:44]} 49. Re5 {[%clk 0:00:19]} Bc7
{[%clk 0:00:38]} 50. Re2 {[%clk 0:00:22]} g6 {[%clk 0:00:42]} 51. Nf3
{[%clk 0:00:18]} Be6 {[%clk 0:00:39]} 52. Nd4 {[%clk 0:00:13]} Bg4
{[%clk 0:00:41]} 0-1

[Event "Portugal Open Semirrapidas"]
[Site "Lisboa POR"]
[Date "2020.02.02"]
[Round "2.30"]
[White "REGO, Pedro"]
[Black "ANTÓNIO, Luís"]
[Result "0-1"]
[BlackElo "1826"]
[WhiteElo "2195"]
[LiveChessVersion "1.4.8"]

1. e4 {[%clk 0:15:07]} c5 {[%clk 0:15:09]} 2. Nf3 {[%clk 0:15:11]} Nc6
{[%clk 0:15:13]} 3. d4 {[%clk 0:15:15]} cxd4 {[%clk 0:15:17]} 4. Nxd4
{[%clk 0:15:19]} g6 {[%clk 0:15:20]} 5. c4 {[%clk 0:15:23]} Nf6 {[%clk 0:15:22]}
6. Nc3 {[%clk 0:15:25]} d6 {[%clk 0:15:26]} 7. Be2 {[%clk 0:15:28]} Bg7
{[%clk 0:15:28]} 8. Be3 {[%clk 0:15:31]} O-O {[%clk 0:15:26]} 9. O-O
{[%clk 0:15:32]} Bd7 {[%clk 0:15:30]} 10. h3 {[%clk 0:15:33]} a6 {[%clk 0:15:30]}
11. Nf3 {[%clk 0:15:33]} Rc8 {[%clk 0:15:33]} 12. Rc1 {[%clk 0:15:26]} Ne5
{[%clk 0:15:37]} 13. Nxe5 {[%clk 0:15:25]} dxe5 {[%clk 0:15:40]} 14. b4
{[%clk 0:15:11]} Be6 {[%clk 0:15:28]} 15. c5 {[%clk 0:15:00]} Qc7
{[%clk 0:15:19]} 16. Qc2 {[%clk 0:14:50]} Rfd8 {[%clk 0:15:23]} 17. a4
{[%clk 0:14:36]} Nh5 {[%clk 0:14:33]} 18. Bxh5 {[%clk 0:13:56]} gxh5
{[%clk 0:14:37]} 19. Qe2 {[%clk 0:13:59]} h4 {[%clk 0:14:41]} 20. Qh5
{[%clk 0:13:38]} Bf6 {[%clk 0:14:45]} 21. Rfd1 {[%clk 0:13:22]} Kh8
{[%clk 0:14:49]} 22. Bg5 {[%clk 0:13:00]} Rg8 {[%clk 0:13:56]} 23. Bxf6+
{[%clk 0:13:03]} exf6 {[%clk 0:14:00]} 24. Qxh4 {[%clk 0:13:06]} Rg6
{[%clk 0:14:05]} 25. Nd5 {[%clk 0:12:52]} Bxd5 {[%clk 0:13:28]} 26. Rxd5
{[%clk 0:12:47]} Rcg8 {[%clk 0:13:31]} 27. g3 {[%clk 0:12:47]} Qc6
{[%clk 0:13:34]} 28. Rd6 {[%clk 0:11:23]} Qxa4 {[%clk 0:13:31]} 29. Rxf6
{[%clk 0:11:23]} R6g7 {[%clk 0:12:59]} 30. Rf3 {[%clk 0:10:44]} Qxb4
{[%clk 0:12:59]} 31. Re3 {[%clk 0:10:37]} f5 {[%clk 0:13:00]} 32. Qf6
{[%clk 0:10:25]} f4 {[%clk 0:13:01]} 33. Ree1 {[%clk 0:10:04]} fxg3
{[%clk 0:13:01]} 34. Kf1 {[%clk 0:07:13]} gxf2 {[%clk 0:12:22]} 35. Re2
{[%clk 0:07:08]} Qb3 {[%clk 0:12:10]} 36. Kxf2 {[%clk 0:06:37]} Qf7
{[%clk 0:11:08]} 37. Qxf7 {[%clk 0:06:29]} Rxf7+ {[%clk 0:11:12]} 38. Ke1
{[%clk 0:05:49]} Rg1+ {[%clk 0:11:00]} 39. Kd2 {[%clk 0:05:54]} Rxc1
{[%clk 0:11:04]} 40. Kxc1 {[%clk 0:05:58]} Rf3 {[%clk 0:11:08]} 41. Rb2
{[%clk 0:05:33]} Rxh3 {[%clk 0:11:06]} 42. Rxb7 {[%clk 0:05:03]} Rc3+
{[%clk 0:11:10]} 43. Kd2 {[%clk 0:05:07]} Rxc5 {[%clk 0:11:14]} 44. Ra7
{[%clk 0:05:10]} Ra5 {[%clk 0:11:07]} 45. Kd3 {[%clk 0:05:09]} Ra4
{[%clk 0:11:09]} 46. Ke3 {[%clk 0:05:07]} Ra3+ {[%clk 0:11:13]} 47. Kf2
{[%clk 0:05:10]} h5 {[%clk 0:11:16]} 48. Re7 {[%clk 0:05:12]} Ra5
{[%clk 0:11:10]} 49. Kg3 {[%clk 0:05:11]} Rb5 {[%clk 0:10:49]} 50. Kh4
{[%clk 0:05:11]} a5 {[%clk 0:10:54]} 51. Kxh5 {[%clk 0:04:58]} a4
{[%clk 0:10:58]} 52. Kg6 {[%clk 0:05:01]} Rb6+ {[%clk 0:11:02]} 53. Kf5
{[%clk 0:04:43]} Ra6 {[%clk 0:11:06]} 54. Rc7 {[%clk 0:04:23]} a3
{[%clk 0:11:10]} 55. Rc1 {[%clk 0:04:27]} a2 {[%clk 0:11:14]} 56. Ra1
{[%clk 0:04:31]} Ra5 {[%clk 0:11:18]} 57. Kf6 {[%clk 0:04:32]} Kg8
{[%clk 0:11:21]} 58. Rg1+ {[%clk 0:04:22]} Kf8 {[%clk 0:11:25]} 59. Ra1
{[%clk 0:04:26]} Ke8 {[%clk 0:11:30]} 60. Ke6 {[%clk 0:04:30]} Kd8
{[%clk 0:11:33]} 61. Kd6 {[%clk 0:04:34]} Kc8 {[%clk 0:11:36]} 62. Kc6
{[%clk 0:04:35]} Ra4 {[%clk 0:11:41]} 63. Kd5 {[%clk 0:04:32]} Ra5+
{[%clk 0:11:44]} 64. Kc6 {[%clk 0:04:36]} Kb8 {[%clk 0:11:41]} 65. Kb6
{[%clk 0:04:29]} Ra3 {[%clk 0:11:38]} 66. Kc6 {[%clk 0:03:59]} Ka7
{[%clk 0:11:40]} 67. Kd6 {[%clk 0:03:57]} Ra5 {[%clk 0:11:42]} 68. Kc6
{[%clk 0:04:00]} Ka6 {[%clk 0:11:45]} 69. Kd6 {[%clk 0:04:03]} Kb6
{[%clk 0:11:47]} 70. Ke6 {[%clk 0:04:04]} Kc6 {[%clk 0:11:51]} 71. Rc1+
{[%clk 0:04:03]} Rc5 {[%clk 0:11:55]} 72. Ra1 {[%clk 0:04:04]} Ra5
{[%clk 0:10:39]} 73. Rc1+ {[%clk 0:04:08]} Kb5 {[%clk 0:10:44]} 74. Ra1
{[%clk 0:03:30]} Kc4 {[%clk 0:10:47]} 75. Kf5 {[%clk 0:03:24]} Kc3
{[%clk 0:10:50]} 76. Ke6 {[%clk 0:03:17]} Kb2 {[%clk 0:10:53]} 77. Rxa2+
{[%clk 0:03:16]} Kxa2 {[%clk 0:10:57]} 0-1

[Event "Portugal Open Semirrapidas"]
[Site "Lisboa POR"]
[Date "2020.02.02"]
[Round "2.31"]
[White "GUIA, Artur"]
[Black "FIDALGO, André Neves"]
[Result "0-1"]
[BlackElo "2190"]
[WhiteElo "1861"]
[LiveChessVersion "1.4.8"]

1. d4 {[%clk 0:15:08]} Nf6 {[%clk 0:15:09]} 2. Bg5 {[%clk 0:15:12]} c5
{[%clk 0:15:13]} 3. dxc5 {[%clk 0:15:07]} e6 {[%clk 0:15:13]} 4. Nc3
{[%clk 0:14:42]} Bxc5 {[%clk 0:15:05]} 5. Nf3 {[%clk 0:14:33]} Qb6
{[%clk 0:14:58]} 6. e3 {[%clk 0:13:28]} Qxb2 {[%clk 0:14:58]} 7. Bxf6
{[%clk 0:13:07]} gxf6 {[%clk 0:15:02]} 8. Nb5 {[%clk 0:10:43]} Bb4+
{[%clk 0:14:54]} 9. Ke2 {[%clk 0:10:07]} Ba5 {[%clk 0:14:39]} 10. Rb1
{[%clk 0:09:26]} Qxa2 {[%clk 0:14:43]} 11. Nd6+ {[%clk 0:09:31]} Ke7
{[%clk 0:14:47]} 12. Ra1 {[%clk 0:09:30]} Qb2 {[%clk 0:13:49]} 13. Rxa5
{[%clk 0:09:25]} Qc3 {[%clk 0:12:19]} 14. Ra2 b6 {[%clk 0:12:22]} 15. Qd4
{[%clk 0:07:07]} Ba6+ {[%clk 0:11:59]} 16. Rxa6 {[%clk 0:05:48]} Qxd4
{[%clk 0:11:42]} 17. Nxd4 {[%clk 0:05:42]} Nxa6 {[%clk 0:11:46]} 18. Kd2
{[%clk 0:05:35]} Nc5 {[%clk 0:11:31]} 19. Nc4 {[%clk 0:05:18]} Ne4+ 20. Ke1
{[%clk 0:05:18]} Rhc8 {[%clk 0:10:29]} 21. Bd3 {[%clk 0:04:13]} Nc5
{[%clk 0:10:33]} 22. Kd2 {[%clk 0:04:05]} d5 {[%clk 0:10:20]} 23. Na3
{[%clk 0:03:56]} a6 {[%clk 0:10:11]} 24. Rb1 {[%clk 0:03:55]} b5 {[%clk 0:10:13]}
25. h3 {[%clk 0:03:39]} Nxd3 {[%clk 0:09:25]} 26. Kxd3 {[%clk 0:03:39]} Rab8
{[%clk 0:09:20]} 27. Rb4 {[%clk 0:03:29]} Rc7 {[%clk 0:09:20]} 28. c3
{[%clk 0:03:23]} Rbc8 {[%clk 0:09:24]} 29. Ne2 {[%clk 0:03:24]} e5
{[%clk 0:09:12]} 30. Rb3 {[%clk 0:03:18]} Ke6 {[%clk 0:09:12]} 31. f4
{[%clk 0:03:20]} h5 {[%clk 0:09:07]} 32. g3 {[%clk 0:03:05]} Rc5 {[%clk 0:07:58]}
33. Nc2 {[%clk 0:02:19]} Ra8 {[%clk 0:07:42]} 34. Ra3 {[%clk 0:02:16]} Rcc8
{[%clk 0:07:35]} 35. Rb3 {[%clk 0:02:17]} Rcb8 {[%clk 0:07:35]} 36. Na3
{[%clk 0:02:20]} Rc8 {[%clk 0:06:42]} 37. Nc2 {[%clk 0:02:15]} Rcb8
{[%clk 0:06:34]} 38. Na3 {[%clk 0:02:19]} Rb6 {[%clk 0:05:51]} 39. Nc2
{[%clk 0:02:12]} a5 {[%clk 0:05:36]} 40. Ra3 {[%clk 0:01:55]} Raa6
{[%clk 0:05:16]} 41. Rb3 {[%clk 0:01:55]} Kd6 {[%clk 0:05:11]} 42. Nc1
{[%clk 0:01:50]} Ra8 {[%clk 0:05:08]} 43. Ra3 {[%clk 0:01:30]} Rba6
{[%clk 0:05:05]} 44. Rb3 {[%clk 0:01:28]} Kc6 {[%clk 0:05:09]} 45. Na2
{[%clk 0:01:27]} Rg8 {[%clk 0:05:11]} 46. Nab4+ {[%clk 0:01:30]} axb4
{[%clk 0:05:13]} 47. Nxb4+ {[%clk 0:01:34]} Kb7 {[%clk 0:05:18]} 48. Nxa6
{[%clk 0:01:37]} Kxa6 {[%clk 0:05:22]} 49. Ra3+ {[%clk 0:01:40]} Kb7
{[%clk 0:05:26]} 50. Ra5 {[%clk 0:01:25]} Kb6 {[%clk 0:05:27]} 51. Ra2
{[%clk 0:01:25]} Rxg3 {[%clk 0:05:29]} 52. Rh2 {[%clk 0:01:25]} exf4
{[%clk 0:05:33]} 53. Kd4 {[%clk 0:01:25]} Rxe3 {[%clk 0:04:54]} 54. Rf2
{[%clk 0:01:29]} Re4+ {[%clk 0:04:50]} 55. Kxd5 {[%clk 0:01:34]} Rc4
{[%clk 0:04:54]} 56. Rxf4 {[%clk 0:01:34]} Rxf4 {[%clk 0:04:56]} 57. Kd4
{[%clk 0:15:05]} 0-1

[Event "Portugal Open Semirrapidas"]
[Site "Lisboa POR"]
[Date "2020.02.02"]
[Round "2.32"]
[White "HULSHOF, Peter"]
[Black "NASCIMENTO, Carlos"]
[Result "1-0"]
[BlackElo "1823"]
[WhiteElo "2190"]
[LiveChessVersion "1.4.8"]

1. e4 {[%clk 0:15:08]} d6 {[%clk 0:15:06]} 2. Nc3 {[%clk 0:15:10]} c6
{[%clk 0:15:07]} 3. g3 {[%clk 0:15:11]} Qc7 {[%clk 0:15:09]} 4. Bg2
{[%clk 0:15:14]} e5 {[%clk 0:15:07]} 5. d3 {[%clk 0:15:17]} Nf6 {[%clk 0:15:03]}
6. f4 {[%clk 0:15:19]} Nbd7 {[%clk 0:14:57]} 7. Nf3 {[%clk 0:15:21]} Be7
{[%clk 0:14:54]} 8. O-O {[%clk 0:15:24]} a5 {[%clk 0:14:42]} 9. h3
{[%clk 0:15:18]} O-O {[%clk 0:14:04]} 10. Be3 {[%clk 0:15:18]} exf4
{[%clk 0:12:58]} 11. gxf4 {[%clk 0:15:12]} Kh8 {[%clk 0:12:21]} 12. Qd2
{[%clk 0:15:15]} b5 {[%clk 0:12:08]} 13. Kh1 {[%clk 0:15:08]} Nh5
{[%clk 0:11:53]} 14. Ne2 {[%clk 0:15:06]} Ndf6 {[%clk 0:11:21]} 15. Nh2
{[%clk 0:14:41]} Rb8 {[%clk 0:11:07]} 16. Rf2 {[%clk 0:14:13]} c5 17. Rg1
{[%clk 0:13:46]} g6 {[%clk 0:10:11]} 18. Nf3 {[%clk 0:11:43]} Bb7
{[%clk 0:09:49]} 19. Ng5 {[%clk 0:11:31]} Ng8 {[%clk 0:08:10]} 20. f5
{[%clk 0:10:42]} Bf6 {[%clk 0:07:17]} 21. fxg6 {[%clk 0:10:22]} hxg6
{[%clk 0:07:17]} 22. Rgf1 {[%clk 0:09:47]} Kg7 {[%clk 0:06:10]} 23. Bf3
{[%clk 0:09:44]} Bxg5 {[%clk 0:05:32]} 24. Bxg5 {[%clk 0:09:08]} Nhf6
{[%clk 0:05:12]} 25. Bg2 {[%clk 0:07:49]} Nh7 {[%clk 0:04:59]} 26. Bf4
{[%clk 0:07:16]} Bc8 {[%clk 0:04:03]} 27. Nc3 {[%clk 0:07:18]} Be6
{[%clk 0:03:56]} 28. Nd5 {[%clk 0:07:21]} Qd7 {[%clk 0:03:34]} 29. Kh2
{[%clk 0:07:24]} c4 {[%clk 0:03:19]} 30. Qxa5 {[%clk 0:06:03]} cxd3
{[%clk 0:03:18]} 31. cxd3 {[%clk 0:06:06]} Bxd5 {[%clk 0:03:08]} 32. exd5
{[%clk 0:06:05]} f6 {[%clk 0:02:56]} 33. Rc1 {[%clk 0:05:44]} Rb7
{[%clk 0:02:44]} 34. Rc6 {[%clk 0:05:27]} Rf7 {[%clk 0:01:58]} 35. Rxd6
{[%clk 0:05:29]} Qc8 {[%clk 0:01:46]} 36. Qc3 {[%clk 0:05:25]} Rbc7
{[%clk 0:01:42]} 37. Rc6 {[%clk 0:05:28]} Rxc6 {[%clk 0:01:38]} 38. Qxc6
{[%clk 0:05:19]} Qf5 {[%clk 0:01:07]} 39. d6 {[%clk 0:05:21]} Qxd3
{[%clk 0:01:09]} 40. Rd2 {[%clk 0:05:11]} Qf5 {[%clk 0:01:07]} 41. Qe4
{[%clk 0:05:15]} Qd7 {[%clk 0:01:06]} 42. Rc2 {[%clk 0:05:11]} Ng5
{[%clk 0:00:59]} 43. Bxg5 {[%clk 0:05:11]} fxg5 {[%clk 0:01:03]} 44. Qe5+
{[%clk 0:05:13]} Nf6 {[%clk 0:00:50]} 45. Rc7 {[%clk 0:05:13]} Qf5
{[%clk 0:00:46]} 46. Qxf5 {[%clk 0:05:12]} gxf5 {[%clk 0:00:48]} 47. Rc5
{[%clk 0:05:01]} Rd7 {[%clk 0:00:46]} 48. Rxf5 {[%clk 0:05:04]} Kg6
{[%clk 0:00:47]} 49. Rxb5 {[%clk 0:05:07]} Rxd6 {[%clk 0:00:51]} 50. a4
{[%clk 0:05:03]} 1-0

[Event "Portugal Open Semirrapidas"]
[Site "Lisboa POR"]
[Date "2020.02.02"]
[Round "2.33"]
[White "QUINTINO, Luís"]
[Black "CHKHAIDZE, Nikoloz"]
[Result "1/2-1/2"]
[BlackElo "2178"]
[WhiteElo "1850"]
[LiveChessVersion "1.4.8"]

1. d4 {[%clk 0:15:08]} d5 {[%clk 0:15:03]} 2. Nc3 {[%clk 0:15:12]} c6
{[%clk 0:14:55]} 3. e4 {[%clk 0:15:11]} dxe4 {[%clk 0:14:58]} 4. Nxe4
{[%clk 0:15:14]} Nd7 {[%clk 0:14:51]} 5. Nf3 {[%clk 0:15:14]} Ngf6
{[%clk 0:14:55]} 6. Nxf6+ {[%clk 0:15:13]} Nxf6 {[%clk 0:14:53]} 7. Be2
{[%clk 0:15:09]} Bg4 {[%clk 0:14:54]} 8. O-O {[%clk 0:15:08]} e6 {[%clk 0:14:58]}
9. c3 {[%clk 0:15:10]} Bd6 {[%clk 0:15:01]} 10. Bg5 {[%clk 0:15:12]} h6
{[%clk 0:15:04]} 11. Bxf6 {[%clk 0:15:15]} Qxf6 {[%clk 0:15:08]} 12. g3
{[%clk 0:14:41]} O-O {[%clk 0:14:20]} 13. Ne5 {[%clk 0:14:33]} Bh3
{[%clk 0:14:19]} 14. Re1 {[%clk 0:14:37]} Bxe5 {[%clk 0:13:54]} 15. dxe5
{[%clk 0:14:40]} Qxe5 {[%clk 0:13:51]} 16. Bg4 {[%clk 0:13:18]} Bxg4
{[%clk 0:13:55]} 17. Qxg4 {[%clk 0:13:21]} Qb5 {[%clk 0:13:51]} 18. b3
{[%clk 0:13:13]} Rad8 {[%clk 0:13:53]} 19. c4 {[%clk 0:13:04]} Qa5
{[%clk 0:13:54]} 20. Re2 {[%clk 0:11:10]} Rd2 {[%clk 0:13:27]} 21. Qf3
{[%clk 0:10:56]} Rfd8 {[%clk 0:13:26]} 22. Qe3 {[%clk 0:09:57]} a6
{[%clk 0:12:01]} 23. Kg2 {[%clk 0:06:37]} Qg5 {[%clk 0:11:49]} 24. Qxg5
{[%clk 0:05:57]} hxg5 {[%clk 0:11:53]} 25. Rae1 {[%clk 0:05:59]} Kf8
{[%clk 0:11:47]} 26. Kf3 {[%clk 0:05:08]} Ke7 {[%clk 0:11:38]} 27. Kg4
{[%clk 0:05:01]} Kf6 {[%clk 0:11:23]} 28. Kf3 {[%clk 0:03:47]} R8d3+
{[%clk 0:11:19]} 29. Kg2 {[%clk 0:03:36]} b5 {[%clk 0:11:13]} 30. cxb5
{[%clk 0:03:35]} cxb5 {[%clk 0:11:16]} 31. h3 {[%clk 0:03:17]} a5
{[%clk 0:10:58]} 32. Re5 {[%clk 0:02:27]} Rxa2 {[%clk 0:10:36]} 33. Rxb5
{[%clk 0:02:30]} Rdd2 {[%clk 0:10:39]} 34. Rf1 {[%clk 0:01:44]} Rdb2
{[%clk 0:10:42]} 35. Kf3 {[%clk 0:01:32]} Ra3 {[%clk 0:10:42]} 36. Kg4
{[%clk 0:01:33]} Rbxb3 {[%clk 0:10:35]} 37. Rxg5 {[%clk 0:01:21]} e5
{[%clk 0:09:49]} 38. h4 {[%clk 0:01:22]} a4 {[%clk 0:07:48]} 39. Re1
{[%clk 0:00:57]} Rb4+ {[%clk 0:07:33]} 40. f4 {[%clk 0:00:28]} exf4
{[%clk 0:06:14]} 41. Rf5+ {[%clk 0:00:28]} Kg6 {[%clk 0:06:18]} 42. Rg5+
{[%clk 0:00:31]} 1/2-1/2

[Event "Portugal Open Semirrapidas"]
[Site "Lisboa POR"]
[Date "2020.02.02"]
[Round "2.35"]
[White "CORDEIRO, João"]
[Black "GUERRA, Vitor"]
[Result "1-0"]
[BlackElo "2164"]
[WhiteElo "1833"]
[LiveChessVersion "1.4.8"]

1. e4 {[%clk 0:15:08]} c5 {[%clk 0:15:04]} 2. c4 {[%clk 0:15:11]} e6
{[%clk 0:14:55]} 3. Nc3 {[%clk 0:15:14]} Nc6 {[%clk 0:14:57]} 4. g3
{[%clk 0:15:17]} Nf6 {[%clk 0:14:31]} 5. Bg2 {[%clk 0:15:18]} Be7
{[%clk 0:14:27]} 6. Nge2 {[%clk 0:15:18]} d6 {[%clk 0:14:12]} 7. d3
{[%clk 0:15:21]} O-O {[%clk 0:14:11]} 8. a3 {[%clk 0:15:24]} Rb8 {[%clk 0:14:05]}
9. Rb1 {[%clk 0:15:27]} a6 {[%clk 0:13:59]} 10. b4 {[%clk 0:14:30]} cxb4
{[%clk 0:13:35]} 11. axb4 {[%clk 0:14:33]} b5 {[%clk 0:13:37]} 12. cxb5
{[%clk 0:14:02]} axb5 {[%clk 0:13:41]} 13. O-O {[%clk 0:13:04]} d5
{[%clk 0:13:25]} 14. exd5 {[%clk 0:13:00]} exd5 {[%clk 0:12:07]} 15. Bf4
{[%clk 0:11:13]} Rb7 {[%clk 0:11:44]} 16. Bg5 {[%clk 0:09:51]} Be6
{[%clk 0:07:45]} 17. Nf4 {[%clk 0:09:23]} Ne8 {[%clk 0:05:37]} 18. Bxe7
{[%clk 0:08:18]} Nxe7 {[%clk 0:05:40]} 19. Re1 {[%clk 0:07:41]} Nc7
{[%clk 0:05:38]} 20. Nce2 {[%clk 0:07:00]} g5 {[%clk 0:04:57]} 21. Nxe6
{[%clk 0:05:42]} fxe6 {[%clk 0:04:50]} 22. Nd4 {[%clk 0:05:32]} Qd6
{[%clk 0:04:38]} 23. Qg4 {[%clk 0:04:51]} e5 {[%clk 0:01:27]} 24. Qxg5+
{[%clk 0:04:15]} Ng6 {[%clk 0:01:31]} 25. Nf5 {[%clk 0:03:32]} Qf6
{[%clk 0:01:30]} 26. Nh6+ {[%clk 0:02:59]} Kg7 {[%clk 0:01:26]} 27. Qxf6+
{[%clk 0:02:57]} Rxf6 {[%clk 0:01:29]} 28. Ng4 {[%clk 0:03:01]} Re6
{[%clk 0:01:23]} 29. Rbc1 {[%clk 0:02:53]} h5 {[%clk 0:01:10]} 30. Ne3
{[%clk 0:02:57]} Ne7 {[%clk 0:01:13]} 31. Rc2 {[%clk 0:02:24]} Rd6
{[%clk 0:00:42]} 32. Rec1 {[%clk 0:02:26]} Rd7 {[%clk 0:00:45]} 33. Bh3
{[%clk 0:02:24]} 1-0

[Event "Portugal Open Semirrapidas"]
[Site "Lisboa POR"]
[Date "2020.02.02"]
[Round "2.36"]
[White "BASHIRLI, Nail"]
[Black "SANTOS, Júlio"]
[Result "1-0"]
[BlackElo "1769"]
[WhiteElo "2153"]
[LiveChessVersion "1.4.8"]

1. e4 {[%clk 0:15:08]} e5 {[%clk 0:15:09]} 2. Nf3 {[%clk 0:15:11]} Nc6
{[%clk 0:15:13]} 3. Nc3 {[%clk 0:15:15]} Bb4 {[%clk 0:14:03]} 4. Bb5
{[%clk 0:15:19]} Nge7 {[%clk 0:13:54]} 5. Nd5 {[%clk 0:15:19]} a6
{[%clk 0:13:33]} 6. Bc4 {[%clk 0:15:15]} b5 {[%clk 0:13:20]} 7. Bb3
{[%clk 0:15:19]} d6 {[%clk 0:13:06]} 8. c3 {[%clk 0:15:16]} Bc5 {[%clk 0:13:04]}
9. d4 {[%clk 0:15:20]} exd4 {[%clk 0:12:59]} 10. cxd4 {[%clk 0:15:22]} Ba7
{[%clk 0:12:23]} 11. Bg5 {[%clk 0:15:18]} O-O {[%clk 0:12:05]} 12. Rc1
{[%clk 0:15:22]} Bb7 {[%clk 0:11:56]} 13. Rxc6 {[%clk 0:15:26]} Re8
{[%clk 0:11:09]} 14. Bxe7 {[%clk 0:15:16]} Rxe7 {[%clk 0:11:09]} 15. Nxe7+ Qxe7
16. Rc3 {[%clk 0:15:22]} Qxe4+ {[%clk 0:11:16]} 17. Re3 Qg4 {[%clk 0:11:07]} 18.
h3 {[%clk 0:15:15]} Qxg2 {[%clk 0:09:59]} 19. Rg1 {[%clk 0:14:53]} Qxh3
{[%clk 0:09:54]} 20. Bxf7+ {[%clk 0:14:53]} Kf8 {[%clk 0:09:49]} 21. Be6
{[%clk 0:14:40]} Qh5 {[%clk 0:08:06]} 22. Ng5 {[%clk 0:14:37]} Qxd1+
{[%clk 0:07:27]} 23. Kxd1 {[%clk 0:14:41]} g6 {[%clk 0:07:24]} 24. Nxh7+
{[%clk 0:14:29]} Kg7 {[%clk 0:07:29]} 25. Bf5 {[%clk 0:14:33]} Kxh7
{[%clk 0:06:59]} 26. Rxg6 {[%clk 0:14:37]} 1-0

[Event "Portugal Open Semirrapidas"]
[Site "Lisboa POR"]
[Date "2020.02.02"]
[Round "2.37"]
[White "COSTA, Hugo"]
[Black "GARCIA DORADO, Alberto"]
[Result "1-0"]
[BlackElo "2150"]
[WhiteElo "1826"]
[LiveChessVersion "1.4.8"]

1. d4 {[%clk 0:15:05]} Nf6 {[%clk 0:14:57]} 2. c4 {[%clk 0:14:57]} e6
{[%clk 0:15:01]} 3. Nf3 {[%clk 0:14:49]} d5 {[%clk 0:15:04]} 4. g3
{[%clk 0:14:44]} dxc4 {[%clk 0:15:07]} 5. Ne5 {[%clk 0:14:19]} Qd5
{[%clk 0:14:49]} 6. Nf3 {[%clk 0:10:55]} Nc6 {[%clk 0:13:56]} 7. Bg2
{[%clk 0:10:40]} Bd7 {[%clk 0:13:35]} 8. O-O {[%clk 0:10:42]} Rb8
{[%clk 0:13:26]} 9. Nc3 {[%clk 0:09:57]} Qh5 {[%clk 0:12:57]} 10. e4
{[%clk 0:07:17]} Bb4 {[%clk 0:12:52]} 11. Qe2 {[%clk 0:06:08]} O-O
{[%clk 0:12:39]} 12. Bf4 {[%clk 0:05:55]} Ba5 {[%clk 0:12:24]} 13. Qxc4
{[%clk 0:05:19]} Bxc3 {[%clk 0:12:17]} 14. bxc3 {[%clk 0:05:23]} Nxe4
{[%clk 0:12:21]} 15. Bxc7 {[%clk 0:05:21]} Rbc8 {[%clk 0:12:25]} 16. Bf4
{[%clk 0:04:49]} Nf6 {[%clk 0:09:49]} 17. Qd3 {[%clk 0:03:54]} Na5
{[%clk 0:09:51]} 18. Ne5 {[%clk 0:03:54]} Ng4 {[%clk 0:08:56]} 19. Nxg4
{[%clk 0:03:20]} Qxg4 {[%clk 0:09:00]} 20. Bf3 {[%clk 0:03:23]} Qf5
{[%clk 0:08:51]} 21. Be4 {[%clk 0:03:26]} Qh3 {[%clk 0:08:55]} 22. Bg2
{[%clk 0:03:30]} Qh5 {[%clk 0:09:00]} 23. Bf3 Bb5 24. Qe3 {[%clk 0:01:42]} Qf5
{[%clk 0:09:02]} 25. Be4 {[%clk 0:01:45]} Qf6 {[%clk 0:08:59]} 26. Bg5
{[%clk 0:01:32]} Nc4 {[%clk 0:08:56]} 27. Qc1 {[%clk 0:01:36]} Nd6 28. Bxh7+
{[%clk 0:01:38]} Kh8 {[%clk 0:08:50]} 29. Bxf6 {[%clk 0:01:41]} gxf6
{[%clk 0:08:54]} 30. Qh6 {[%clk 0:01:44]} 1-0

[Event "Portugal Open Semirrapidas"]
[Site "Lisboa POR"]
[Date "2020.02.02"]
[Round "2.38"]
[White "BAYRAMOV, Zaur"]
[Black "GARCIA, António"]
[Result "1-0"]
[BlackElo "1685"]
[WhiteElo "2146"]
[LiveChessVersion "1.4.8"]

1. e4 {[%clk 0:15:08]} c5 {[%clk 0:15:04]} 2. Nf3 {[%clk 0:15:09]} e6
{[%clk 0:15:02]} 3. c4 {[%clk 0:15:09]} Nc6 {[%clk 0:14:53]} 4. Nc3
{[%clk 0:15:12]} d6 {[%clk 0:14:37]} 5. d4 {[%clk 0:15:13]} cxd4 {[%clk 0:14:39]}
6. Nxd4 {[%clk 0:15:16]} Nf6 {[%clk 0:14:08]} 7. Be3 {[%clk 0:15:05]} Be7
{[%clk 0:14:04]} 8. Be2 {[%clk 0:15:08]} O-O {[%clk 0:13:58]} 9. O-O
{[%clk 0:15:09]} Nxd4 {[%clk 0:12:58]} 10. Bxd4 {[%clk 0:15:07]} Bd7
{[%clk 0:12:57]} 11. Qd2 {[%clk 0:15:00]} Bc6 {[%clk 0:12:57]} 12. f3
{[%clk 0:15:02]} a6 {[%clk 0:10:38]} 13. b4 {[%clk 0:14:39]} Rc8 {[%clk 0:10:15]}
14. Rac1 {[%clk 0:14:31]} Ne8 {[%clk 0:09:41]} 15. Rfd1 {[%clk 0:14:21]} Bf6
{[%clk 0:09:41]} 16. Bxf6 {[%clk 0:14:10]} Qxf6 {[%clk 0:09:38]} 17. a3
{[%clk 0:14:08]} Rd8 18. Qe3 {[%clk 0:13:40]} Qe7 {[%clk 0:09:16]} 19. Rd2
{[%clk 0:13:34]} Qd7 {[%clk 0:08:12]} 20. b5 {[%clk 0:13:28]} axb5
{[%clk 0:07:41]} 21. cxb5 {[%clk 0:13:30]} 1-0